Dr. Jekyll and Mr. Hyde : (Record no. 110960)
[ view plain ]
| 000 -LEADER | |
|---|---|
| fixed length control field | 00592nam a2200193 a 4500 |
| 001 - CONTROL NUMBER | |
| control field | 3051 |
| 003 - CONTROL NUMBER IDENTIFIER | |
| control field | MO |
| 005 - DATE AND TIME OF LATEST TRANSACTION | |
| control field | 20170315114505.0 |
| 008 - FIXED-LENGTH DATA ELEMENTS--GENERAL INFORMATION | |
| fixed length control field | 060131s19uu xx 00 eng d |
| 050 ## - LIBRARY OF CONGRESS CALL NUMBER | |
| Classification number | TR |
| Item number | St4 1983 |
| 100 ## - MAIN ENTRY--PERSONAL NAME | |
| Personal name | Stevenson, Robert Louis |
| 245 ## - TITLE STATEMENT | |
| Title | Dr. Jekyll and Mr. Hyde : |
| Remainder of title | the strange case of . . / |
| Statement of responsibility, etc | by Robert Louis Stevenson ; adapted by Mitsu Yamamoto ; illustrated by Brendan Lynch. |
| 260 ## - PUBLICATION, DISTRIBUTION, ETC. (IMPRINT) | |
| Place of publication, distribution, etc | New York : |
| Name of publisher, distributor, etc | Waldman, |
| Date of publication, distribution, etc | 1983. |
| 300 ## - PHYSICAL DESCRIPTION | |
| Extent | 238 p. : ill. ; cm. |
| 440 ## - SERIES STATEMENT/ADDED ENTRY--TITLE | |
| Title | Illustrated classic editions |
| 650 ## - SUBJECT ADDED ENTRY--TOPICAL TERM | |
| Topical term or geographic name as entry element | Fiction. |
| 942 ## - ADDED ENTRY ELEMENTS (KOHA) | |
| Source of classification or shelving scheme | Dewey Decimal Classification |
| Koha item type | Books |
| Withdrawn status | Lost status | Source of classification or shelving scheme | Damaged status | Home library | Current library | Shelving location | Date acquired | Source of acquisition | Total Checkouts | Full call number | Barcode | Date last seen | Price effective from | Koha item type |
|---|---|---|---|---|---|---|---|---|---|---|---|---|---|---|
| Dewey Decimal Classification | Munich Library | Munich Library | Teachers Reference Section | 01/31/2006 | Library Fund | TR St4 1983 | M1497 | 04/14/2014 | 04/14/2014 | Books |